| 000 | 00538nam a22002057a 4500 | ||
|---|---|---|---|
| 003 | NLp | ||
| 005 | 20140310183049.0 | ||
| 008 | 130227t xxu||||| |||| 00| 0 eng d | ||
| 020 | _a971-42-0404-6 | ||
| 050 |
_aHA 35.3 _b.B312 2003 |
||
| 082 |
_aFIL 519.5 _bF96 2003 |
||
| 245 |
_aFundamental statistics _cFaith B. Basilio ... [et al.] |
||
| 260 |
_aBulacan _bTrinitas Pub. _cc2003 |
||
| 300 |
_a308 p. _c26 cm. |
||
| 521 | _acollege students | ||
| 526 | _c1210L-1700L | ||
| 541 | _j1 | ||
| 562 | _e1 | ||
| 942 |
_2lcc _cBK _kFIL |
||
| 999 |
_c18624 _d18624 |
||